000 01089nas a2200253Ia 4500
001 R130/A1269
003 IT-RoPAU
008 151124c99999999xx |||||||||||| ||und||
040 _aIT-RoPAU
040 _cIT-RoPAU
041 _aITALIANO
100 _aBaraldi Claudio
_gCodice Aut. SPICS: 21160
210 _aSOCIOLOGIA DELLA COMUNICAZIONE
222 _aSociologia Della Comunicazione
245 _aSOCIOLOGIA DELLA COMUNICAZIONE, ANNO 08-N.15 (1991)
_bSistemi di Comunicazioni E Sviluppo Cognitivo
250 _a1a ed.
260 _aMILANO
_bANGELI FRANCO
_c1991
501 _bPaulus - SPICS - Società San Paolo EM (non-commercial uses only)
_cCopyright2015
300 _a25 p. [179-203]
362 _aANNO 008, N.15 (1991)
500 _aProcessi di Comunicazione e Sviluppo Cognitivo. Interazione e Comunicazione Come Strumenti di Sviluppo Cognitivo. Comunicazione Conflittuale. Conflitto Come Sistema Sociale. Soluzione del Conflitto. Correttezza della Soluzione Comunicativa del Conflitto.
650 _aCOMUNICAZIONE - SOCIOLOGIA
_vPUBBLICAZIONE PERIODICA
942 _cCR
999 _c124621
_d124621